[Event "Chigorin Mem"]
[Site "St Petersburg RUS"]
[Date "2005.10.15"]
[Round "1"]
[White "Bocharov,D"]
[Black "Demianjuk,A"]
[Result "1/2-1/2"]
[WhiteElo "2592"]
[BlackElo "2283"]

1.d4 Nf6 2.c4 e6 3.Nc3 Bb4 4.Qc2 O-O 5.Nf3 c5 6.dxc5 Na6 7.e3 Nxc5 8.Bd2 b6
9.a3 Bxc3 10.Bxc3 Bb7 11.Be2 d5 12.O-O Rc8 13.Rad1 Qe7 14.Ng5 Nfe4 15.Nxe4 Nxe4
16.Bb4 Nc5 17.cxd5 Bxd5 18.e4 Bb7 19.f3 Rfd8 20.Rxd8+ Qxd8 21.Rd1 Qe8 22.Qd2 Ba6
23.Bxa6 Nxa6 24.Bc3 Nb8 25.Qg5 Qf8 26.Rd3 h6 27.Qd2 Nc6 28.Kf1 Qc5 29.g4 Ne5
30.Rd8+ Rxd8 31.Qxd8+ Kh7 32.Qd1 f6 33.Kg2 Ng6 34.Qd4 Nf4+ 35.Kf2 Qg5 36.Qd2 h5
37.Kg3 h4+ 38.Kf2 Qc5+ 39.Bd4 Qc7 40.Be3 Ng6 41.Kg2 Qc4 42.Bf2 Qb3 43.Bd4 a5
44.Kf2 b5 45.g5 Ne5 46.Qc3 Qxc3 47.Bxc3 b4 48.axb4 axb4 49.Bd4 Kg6 50.gxf6 gxf6
51.Bxe5 fxe5 52.Ke2 b3 53.Kf2 Kg5 54.Ke3 h3 55.Ke2 Kh5 56.Kd3 Kg6 57.Kc3 Kg5
58.Kxb3 Kf4 59.Kc4 Kxf3 60.b4 Kg2 61.b5 Kxh2 62.b6 Kg2 63.b7 h2 64.b8=Q h1=Q
65.Qxe5 Qc1+ 66.Kb5 Kf3 67.Qxe6 Qb1+  1/2-1/2

[Event "SCG First League w"]
[Site "Vrnjacka Banja SCG"]
[Date "2005.10.18"]
[Round "2"]
[White "Trivunovic,V"]
[Black "Maric,A"]
[Result "0-1"]
[WhiteElo "2011"]
[BlackElo "2420"]

1.d4 Nf6 2.c4 e6 3.Nc3 Bb4 4.Qc2 O-O 5.a3 Bxc3+ 6.Qxc3 b6 7.Bg5 Bb7 8.f3 h6
9.Bh4 d5 10.e3 Re8 11.Bd3 Qe7 12.Ne2 Nbd7 13.O-O c5 14.dxc5 Nxc5 15.b4 Nxd3
16.Qxd3 dxc4 17.Qxc4 Rac8 18.Qb3 Bd5 19.Qb2 Bc4 20.Rfd1 Red8 21.Nc3 g5 22.Bf2 Nd7
23.Ne4 Bd5 24.Nc3 Bc6 25.e4 Ne5 26.Bd4 Nc4 27.Qe2 Bb7 28.Qf2 Rd7 29.e5 Rcd8
30.Nb5 Nxe5 31.Re1 Nd3  0-1

[Event "Chigorin Mem"]
[Site "St Petersburg RUS"]
[Date "2005.10.19"]
[Round "5"]
[White "Vlasenko,M"]
[Black "Obukhov,A"]
[Result "1-0"]
[WhiteElo "2406"]
[BlackElo "2528"]

1.d4 Nf6 2.c4 e6 3.Nc3 Bb4 4.Qc2 O-O 5.a3 Bxc3+ 6.Qxc3 Ne4 7.Qc2 f5 8.e3 b6
9.Ne2 Bb7 10.f3 Nd6 11.c5 Nf7 12.b4 Nc6 13.Bb2 Qh4+ 14.g3 Qh6 15.Kf2 e5 16.Bg2 Rae8
17.f4 exd4 18.exd4 bxc5 19.dxc5 Qh5 20.Rae1 Ncd8 21.Qc3 Qg6 22.Bxb7 Nxb7
23.Nd4 Nh6 24.h3 c6 25.Rxe8 Rxe8 26.Re1 Rxe1 27.Qxe1 Kf8 28.Qe5 Nd8 29.Nf3 Nhf7
30.Qd4 d5 31.Nh4 Qh6 32.Nxf5 Qxh3 33.Qxg7+ Ke8 34.Qg8+ Kd7 35.Nh4 Qh2+ 36.Ng2 Nh6
37.Qxh7+ Ndf7 38.Qg6 Qh3 39.Kg1 Ke7 40.Bf6+ Kd7 41.Bd4 Qf5 42.Qxf5+ Nxf5
43.Bf2 N7h6 44.Nh4 Ke6 45.Nxf5 Kxf5 46.Kg2 a6 47.a4 Ng4 48.Bg1 Nf6 49.Kf3 Ne4
50.g4+ Ke6 51.Bd4 Nd2+ 52.Ke3 Nf1+ 53.Kf2 Nd2 54.f5+ Kf7 55.Ke3  1-0

[Event "Chigorin Mem"]
[Site "St Petersburg RUS"]
[Date "2005.10.19"]
[Round "5"]
[White "Dobrov,V"]
[Black "Ivanov,Al3"]
[Result "1-0"]
[WhiteElo "2515"]
[BlackElo "2312"]

1.d4 Nf6 2.c4 e6 3.Nc3 Bb4 4.Qc2 O-O 5.a3 Bxc3+ 6.Qxc3 b6 7.Nf3 Bb7 8.e3 Ne4
9.Qc2 d6 10.Bd3 f5 11.O-O Nd7 12.b4 Rf6 13.d5 exd5 14.Bb2 Rf8 15.Nd4 Qe7
16.cxd5 Bxd5 17.f3 Nef6 18.Nxf5 Qd8 19.e4 Bf7 20.Rad1 Re8 21.Bb5 a5 22.Bc6 Rb8
23.Qc3 axb4 24.axb4 Rf8 25.f4 Bg6 26.Ng3 Ne8 27.e5  1-0

[Event "Chigorin Mem"]
[Site "St Petersburg RUS"]
[Date "2005.10.19"]
[Round "5"]
[White "Sergeev,Ve"]
[Black "Sorokin,M"]
[Result "1/2-1/2"]
[WhiteElo "2377"]
[BlackElo "2567"]

1.d4 Nf6 2.c4 e6 3.Nc3 Bb4 4.Qc2 O-O 5.a3 Bxc3+ 6.Qxc3 b6 7.Bg5 Ba6 8.Nf3 d6
9.e3 Nbd7 10.b4 c5 11.Nd2 Qc7 12.dxc5 bxc5 13.Be2 Bb7 14.O-O a5 15.b5 a4
16.f3 d5 17.Rac1 Rfc8 18.Rfd1  1/2-1/2

[Event "Chigorin Mem"]
[Site "St Petersburg RUS"]
[Date "2005.10.20"]
[Round "6"]
[White "Mishin,Al"]
[Black "Lelekova,O"]
[Result "1-0"]
[WhiteElo "2323"]
[BlackElo "2211"]

1.d4 Nf6 2.c4 e6 3.Nc3 Bb4 4.Qc2 O-O 5.a3 Bxc3+ 6.Qxc3 b6 7.Bg5 Bb7 8.f3 d5
9.e3 Nbd7 10.Nh3 Qe7 11.Nf2 c5 12.cxd5 cxd4 13.Qxd4 e5 14.Qh4 Bxd5 15.Ng4 Qc5
16.Bd3 e4 17.Bxf6 exd3 18.Qg5 Nxf6 19.Nxf6+ Kh8 20.Nxd5 f6 21.Qf5 Rad8 22.b4 d2+
23.Kf2 Qc4 24.Nf4 Rfe8 25.Rhd1 Re5 26.Qg4 Qc3 27.e4 Qd4+ 28.Kf1 a5 29.h4 g6
30.Nd5 f5 31.Qg5 Rf8 32.Qxd2 Qxd2 33.Rxd2 fxe4 34.Re1  1-0

[Event "Chigorin Mem"]
[Site "St Petersburg RUS"]
[Date "2005.10.21"]
[Round "7"]
[White "Bocharov,D"]
[Black "Romanov,E"]
[Result "1/2-1/2"]
[WhiteElo "2592"]
[BlackElo "2479"]

1.d4 Nf6 2.c4 e6 3.Nc3 Bb4 4.Qc2 O-O 5.a3 Bxc3+ 6.Qxc3 b6 7.Nf3 Bb7 8.e3 d6
9.Be2 a5 10.b3 Nbd7 11.Bb2 Ne4 12.Qc2 f5 13.O-O Rf6 14.d5 Rh6 15.Rad1 Nf8
16.g3 Qe8 17.Nh4 Ng6 18.Ng2 Qe7 19.f3 Ng5 20.h4 Nf7 21.f4 Nf8 22.Bf3 Kh8
23.e4 fxe4 24.Bxe4 Re8 25.Rde1 e5 26.Qf2 Bc8 27.f5 Rf6 28.g4 g5 29.Bc1 h6
30.hxg5 hxg5 31.Ne3 Nh7 32.Kg2 Rh6 33.Rh1 Nf6 34.Bf3 Kg7 35.Rxh6 Nxh6 36.Bb2 Rh8
37.b4 axb4 38.axb4 Bb7 39.Ra1 Ra8 40.Rxa8 Bxa8 41.Bc3 Qe8 42.Qa2 Bb7 43.c5 bxc5
44.bxc5 Qb5 45.c6 Ba6 46.Qd2 Qd3 47.Qc1 Nf7 48.Qd2 Kf8 49.Qxd3 Bxd3 50.Ba5 Ne8
51.Kf2  1/2-1/2

[Event "Chigorin Mem"]
[Site "St Petersburg RUS"]
[Date "2005.10.22"]
[Round "8"]
[White "Makarov,P"]
[Black "Zakurdjaeva,I"]
[Result "1-0"]
[WhiteElo "2147"]
[BlackElo "2307"]

1.d4 e6 2.c4 Nf6 3.Nc3 Bb4 4.Qc2 O-O 5.Nf3 b6 6.a3 Bxc3+ 7.Qxc3 Bb7 8.e3 d6
9.Be2 Nbd7 10.O-O c5 11.Rd1 Qc7 12.b4 a5 13.Bb2 Ne4 14.Qe1 f5 15.Nd2 Ndf6
16.f3 Ng5 17.Qg3 h6 18.dxc5 bxc5 19.Nb3 f4 20.Qxf4 e5 21.Qh4 cxb4 22.axb4 axb4
23.Kh1 Bc6 24.c5 Rxa1 25.Bxa1 d5 26.Qxb4 Rb8 27.Qa5 Qe7 28.Nd2 Nd7 29.Rc1 Ne6
30.Qa6 Nd8 31.Qa7 Ne6 32.Qa6 Nd8 33.Qa3 Ra8 34.Qc3 Ne6 35.Nb3 Kh8 36.Bb2 Ra4
37.Na5 d4 38.exd4 exd4 39.Qd2 Rxa5 40.Qxa5 Nf4 41.Bf1 Ne5 42.Re1 Qg5 43.Rxe5 Qxe5
44.Qd8+ Kh7 45.Qxd4 Qxd4 46.Bxd4 g5 47.Kg1 Kg6 48.Kf2 h5 49.g3 Ne6 50.Bd3+ Kf7
51.Bc4 Ke7 52.Be3 Bd7 53.Bxe6 Kxe6 54.Bxg5 Kd5 55.Be7 Kd4 56.Bd6 Bc8 57.Kg2 Bb7
58.Kf2 Bc8 59.h4 Bd7 60.Be7 Ke5 61.Ke3 Kf5 62.g4+ hxg4 63.fxg4+ Kxg4 64.Ke4  1-0

[Event "Chigorin Mem"]
[Site "St Petersburg RUS"]
[Date "2005.10.22"]
[Round "8"]
[White "Gasanov,E"]
[Black "Iljin,A"]
[Result "1-0"]
[WhiteElo "2427"]
[BlackElo "2515"]

1.d4 Nf6 2.c4 e6 3.Nc3 Bb4 4.Qc2 O-O 5.e4 d6 6.a3 Bxc3+ 7.bxc3 e5 8.Bd3 Nc6
9.Ne2 b6 10.O-O Nd7 11.Be3 Ba6 12.Ng3 Na5 13.Qe2 f6 14.Rad1 Qe8 15.Nf5 g6
16.Nh6+ Kh8 17.f4 exf4 18.Bxf4 Rc8 19.Rde1 Qe7 20.Ng4 Rce8 21.Ne3 Qd8 22.Kh1 Rf7
23.Bg3 Bb7 24.Nd5 b5 25.Bh4 bxc4 26.Bxc4 Nxc4 27.Qxc4 Bxd5 28.Qxd5 Qe7 29.e5 dxe5
30.dxe5 Qe6 31.Qxe6 Rxe6 32.exf6 Rxe1 33.Rxe1 Nxf6 34.Bf2 a6 35.Bd4 Kg8 36.Re6 Nd7
37.Kg1 a5 38.Ra6 c5 39.Bf2 Rf4 40.Ra7 Nf6 41.Bxc5 Ne4 42.Ra8+ Kg7 43.Bd4+ Kf7
44.Rxa5 Nd2 45.h3 Rf1+ 46.Kh2 Rc1 47.Ra7+ Ke6 48.Rxh7 Nf1+ 49.Kg1  1-0

[Event "Open A"]
[Site "Liberec CZE"]
[Date "2005.10.24"]
[Round "3"]
[White "Jina,L"]
[Black "Kaderabek,J"]
[Result "0-1"]
[WhiteElo "2000"]
[BlackElo "2149"]

1.d4 Nf6 2.c4 e6 3.Nc3 Bb4 4.Qc2 O-O 5.a3 Bxc3+ 6.Qxc3 b5 7.Bg5 bxc4 8.Qxc4 Bb7
9.Rc1 Nc6 10.e3 a5 11.Qc2 a4 12.Nf3 Ra5 13.Bxf6 Qxf6 14.Be2 Ba6 15.Bxa6 Rxa6
16.Nd2 Ra7 17.Ne4 Qg6 18.O-O Na5 19.Nc5 d6 20.Qxg6 hxg6 21.Nd3 Rb8 22.Rc2 Rb3
23.Nc1 Rb5 24.Nd3 Rab7 25.Re1 Rb3 26.Nb4 d5 27.Kf1 f5 28.Ke2 Nc4 29.Rec1 Kf7
30.Nd3 R7b5 31.Nc5 Rxb2 32.Nxa4 Rxc2+ 33.Rxc2 Rb3 34.Nc5 Rxa3 35.Nd3 Ke7
36.h4 Ra7 37.g3 Kf6 38.Nf4 c6 39.Nd3 Ra4 40.Nc5 Rb4 41.Nd3 Rb1 42.Nc5 Ke7
43.Nd3 Ra1 44.Nf4 Kf7 45.Nd3 Kf6 46.Nc5 Rb1 47.Nd7+ Ke7 48.Nc5 e5 49.dxe5 Nxe5
50.Na4 Kd6 51.Nc3 Rb3  0-1

[Event "II Open"]
[Site "Calvia ESP"]
[Date "2005.10.26"]
[Round "7"]
[White "Rodriguez Lopez,R"]
[Black "Carlsson,P"]
[Result "1-0"]
[WhiteElo "2246"]
[BlackElo "2435"]

1.d4 e6 2.c4 Nf6 3.Nc3 Bb4 4.Qc2 O-O 5.a3 Bxc3+ 6.Qxc3 b6 7.Bg5 d6 8.e3 Nbd7
9.Qc2 c5 10.Ne2 h6 11.Bh4 Ba6 12.dxc5 bxc5 13.Nc3 Qb6 14.Be2 Rab8 15.Rb1 d5
16.cxd5 Bxe2 17.Nxe2 exd5 18.O-O Qb3 19.Rfc1 Rfc8 20.Bg3 Qxc2 21.Rxc2 Rb6
22.Rd1 Rbc6 23.Nc3 Nb6 24.Nb5 Ra8 25.Nd4 Rcc8 26.Nf5 Rd8 27.Rxc5 Nc4 28.b3 Nxa3
29.Be5 Ne4 30.Rcxd5 Rxd5 31.Rxd5 f6 32.Bb2 Rb8 33.Bxa3 Rxb3 34.Bc1 Rb1 35.Rd8+ Kf7
36.Rc8 Nd2 37.Nd4 a5 38.f3 a4 39.Kf2 Nb3 40.Ba3 Ra1 41.Nb5 Ra2+ 42.Kg3 Nd2
43.Rc1 g5 44.e4 Kg6 45.Bb4 Nb3 46.Rc6 Kf7 47.Bc3 Nc1 48.Rxf6+ Ke7 49.Rxh6 Ne2+
50.Kg4 Rc2 51.Bb4+ Kd7 52.Ra6 Nf4 53.Kxg5 Nd3 54.Rd6+  1-0

[Event "5th Rohde Open"]
[Site "Sautron FRA"]
[Date "2005.10.28"]
[Round "7"]
[White "Sulypa,A"]
[Black "Prasad,D"]
[Result "1/2-1/2"]
[WhiteElo "2489"]
[BlackElo "2401"]

1.d4 Nf6 2.c4 e6 3.Nc3 Bb4 4.Qc2 O-O 5.a3 Bxc3+ 6.Qxc3 b6 7.Bg5 Bb7 8.e3 d6
9.Ne2 Nbd7 10.Qd3 c5 11.Nc3 a6 12.Rd1 Qc7 13.dxc5 dxc5 14.Qd6 Rfc8 15.Qxc7 Rxc7
16.f3 Bc6 17.a4 Rd8 18.Be2 Rcc8 19.Kf2 Kf8 20.e4 h6 21.Be3 a5 22.g4 Ne8 23.h4 Nc7
24.g5 hxg5 25.hxg5 g6 26.Bf4 Ne8 27.Rh8+ Ke7 28.Nd5+ Bxd5 29.exd5 e5 30.Bg3  1/2-1/2

[Event "TCh-HUN 2005-6"]
[Site "Hungary HUN"]
[Date "2005.10.30"]
[Round "2"]
[White "Varga,P1"]
[Black "Ruck,R"]
[Result "1/2-1/2"]
[WhiteElo "2415"]
[BlackElo "2535"]

1.d4 Nf6 2.c4 e6 3.Nc3 Bb4 4.Qc2 O-O 5.a3 Bxc3+ 6.Qxc3 b6 7.Bg5 Bb7 8.Nf3 d6
9.Nd2 Nbd7 10.f3 d5 11.cxd5 exd5 12.e3 Re8 13.Bb5 c6 14.Bd3 h6 15.Bxf6 Qxf6
16.O-O Re7 17.Rfc1 g6 18.Nf1 c5 19.dxc5 Qxc3 20.Rxc3 Nxc5 21.Rd1 Rd8 22.Bc2 Red7
23.b4 Ne6 24.Bb3 Kf8  1/2-1/2

[Event "Autumn Open"]
[Site "St Petersburg RUS"]
[Date "2005.11.02"]
[Round "5"]
[White "Kostyuchenko,V"]
[Black "Svidinsky,D"]
[Result "1-0"]
[WhiteElo "2139"]
[BlackElo "2002"]

1.d4 Nf6 2.c4 e6 3.Nc3 Bb4 4.Qc2 O-O 5.Nf3 d5 6.cxd5 exd5 7.Bg5 c5 8.e3 cxd4
9.Nxd4 Nc6 10.Nxc6 bxc6 11.Be2 Rb8 12.O-O Bxc3 13.bxc3 h6 14.Bf4 Rb7 15.Rfb1 Rxb1+
16.Rxb1 Ne4 17.f3 Nc5 18.c4 Ne6 19.Bg3 d4 20.Rd1 Qf6 21.Qe4 dxe3 22.Qxe3 Rd8
23.Rxd8+ Qxd8 24.Qxa7 Nd4 25.Bf1 Be6 26.Qb8 Qxb8 27.Bxb8 Nc2 28.Ba7 Na3 29.Bc5 Nxc4
30.a4 Nd2 31.Bd3 Nb3 32.Bb6 c5 33.a5 c4 34.Bc2 c3 35.a6 Bd5 36.a7 Na1 37.Be4 c2
38.Be3  1-0

[Event "Autumn Open"]
[Site "St Petersburg RUS"]
[Date "2005.11.05"]
[Round "8"]
[White "Biriukov,O"]
[Black "Lanin,A"]
[Result "1-0"]
[WhiteElo "2389"]
[BlackElo "2425"]

1.d4 Nf6 2.c4 e6 3.Nc3 Bb4 4.Qc2 O-O 5.a3 Bxc3+ 6.Qxc3 b5 7.cxb5 c6 8.Bg5 cxb5
9.e3 Bb7 10.Nf3 h6 11.Bh4 a6 12.Bd3 Qe7 13.e4 g5 14.Nxg5 Rc8 15.Qd2 Nxe4
16.Nxe4 Qxh4 17.Nd6 Rc7 18.Qa5 Rc6 19.Nxb7 Qxd4 20.Qd2 Qe5+ 21.Be2 a5 22.Rd1 Raa6
23.b4 axb4 24.axb4 Rab6 25.Nc5  1-0

[Event "TCh-BEL 2005-6"]
[Site "Belgium BEL"]
[Date "2005.11.06"]
[Round "3"]
[White "Brunner,N"]
[Black "Saiboulatov,D"]
[Result "1/2-1/2"]
[WhiteElo "2392"]
[BlackElo "2393"]

1.d4 e6 2.c4 Nf6 3.Nc3 Bb4 4.Qc2 O-O 5.a3 Bxc3+ 6.Qxc3 b6 7.Bg5 Ba6 8.e3 d6
9.Bd3 Nbd7 10.Ne2 c5 11.Qc2 h6 12.Bh4 Rc8 13.Qa4 Bb7 14.O-O Rc7 15.b4 Qe7
16.Rac1 e5 17.Rfe1 Re8 18.bxc5 bxc5 19.d5 g5 20.Bg3 e4 21.Bb1 Nh5 22.Nc3 Nxg3
23.hxg3 Nf6 24.Qxa7 Bxd5 25.Qa4 Bc6 26.Qd1 h5 27.Bc2 Qe5 28.Ne2 Kg7 29.Qd2 Ra7
30.Red1 Re6 31.Ra1 h4 32.gxh4 Ng4 33.Qc3 gxh4 34.Qxe5+ Nxe5 35.Nf4 Rh6 36.Rdc1 f5
37.a4 Kf6 38.a5 Rh8 39.Rd1 Ke7 40.Ba4 Rb8 41.Bxc6 Nxc6 42.Ng6+ Ke6 43.Rd5 Nxa5
44.Nf4+ Kd7 45.Rxf5 Raa8 46.Rc1 Rf8  1/2-1/2

[Event "TCh-BEL 2005-6"]
[Site "Belgium BEL"]
[Date "2005.11.06"]
[Round "3"]
[White "Docx,S"]
[Black "Leenhouts,K"]
[Result "1/2-1/2"]
[WhiteElo "2321"]
[BlackElo "2398"]

1.d4 Nf6 2.c4 e6 3.Nc3 Bb4 4.Qc2 O-O 5.a3 Bxc3+ 6.Qxc3 b5 7.cxb5 c6 8.Bg5 cxb5
9.e3 Bb7 10.Nf3 Nc6 11.Bxb5 Rc8 12.Bxf6 gxf6 13.Be2 Na5 14.Qd3 Nc4 15.O-O Nxb2
16.Qb5 Rb8 17.Qh5 Be4 18.Rfc1 d5 19.h3 Kh8 20.Nd2 Bg6 21.Qh4 Qe7 22.Nf3 Rfe8
23.a4 Rec8 24.Ne5 Rxc1+ 25.Rxc1 Kg7 26.Bb5 Nxa4 27.Bxa4 Qa3 28.Rc7 fxe5 29.Rxa7 Rb4
30.Qg5 Rxa4 31.Qxe5+ Kg8 32.Qb8+ Kg7 33.Qe5+  1/2-1/2

[Event "ch-NOR Playoff"]
[Site "Oslo NOR"]
[Date "2005.11.07"]
[Round "1"]
[White "Agdestein,S"]
[Black "Carlsen,M"]
[Result "1-0"]
[WhiteElo "2582"]
[BlackElo "2570"]

1.d4 Nf6 2.c4 e6 3.Nc3 Bb4 4.Qc2 O-O 5.a3 Bxc3+ 6.Qxc3 b6 7.Nf3 Bb7 8.e3 d5
9.b4 Nbd7 10.cxd5 Nxd5 11.Qb2 Qc8 12.Bd2 c5 13.Rc1 Ba6 14.dxc5 Bxf1 15.Rxf1 bxc5
16.bxc5 Rb8 17.Qc2 Qc6 18.e4 N5f6 19.Nd4 Qa6 20.f4 e5 21.Nf5 exf4 22.c6 Ne5
23.Rf3 Rbe8 24.Bb4 Nxe4 25.Ne7+ Rxe7 26.Bxe7 Re8 27.Qxe4 Rxe7 28.c7 Re8 29.Kd1 Qc8
30.Rd3 Kf8 31.Qb4+ Kg8 32.Qe4 Kf8 33.Rd4 Ng6 34.Qd5 Qg4+ 35.Kc2 Ne7 36.Qf3 Qg6+
37.Kd2 Qb6 38.Qxf4 Qa5+ 39.Rc3 Nf5 40.Rd3  1-0

[Event "ch-CRO"]
[Site "Vukovar CRO"]
[Date "2005.11.08"]
[Round "2"]
[White "Jankovic,A"]
[Black "Cebalo,M"]
[Result "1/2-1/2"]
[WhiteElo "2446"]
[BlackElo "2512"]

1.d4 Nf6 2.c4 e6 3.Nc3 Bb4 4.Qc2 O-O 5.a3 Bxc3+ 6.Qxc3 b6 7.Bg5 Bb7 8.e3 d6
9.Ne2 Nbd7 10.Qd3 h6 11.Bh4 Qe7 12.Nc3 c5 13.Rd1 Rad8 14.d5 Ne5 15.Qc2 Ng6
16.Bg3 exd5 17.Nxd5 Nxd5 18.cxd5 f5 19.Be2 Qf6 20.f4 Rde8 21.Bf2 Ne7 22.Bf3 Qf7
23.Qd3 Kh8 24.O-O Ng8 25.e4 Bc8 26.e5 dxe5 27.fxe5 Rxe5 28.Bg3 f4 29.Be4 Bf5
30.Rxf4 Rxe4 31.Rxe4 Nf6 32.Re7 Bxd3 33.Rxf7 Rxf7 34.Rxd3 Rd7 35.d6 Kg8 36.Re3 Kf7
37.h3 Nh5 38.Bh2 g5 39.Be5 Nf4 40.Kf2 Nd5 41.Re2 Nf4  1/2-1/2

[Event "British Rapidplay"]
[Site "Halifax ENG"]
[Date "2005.11.13"]
[Round "7"]
[White "Gormally,D"]
[Black "Turner,Ma"]
[Result "1-0"]
[WhiteElo "2566"]
[BlackElo "2495"]

1.d4 Nf6 2.c4 e6 3.Nc3 Bb4 4.Qc2 O-O 5.e4 d5 6.e5 Ne4 7.a3 Bxc3+ 8.bxc3 c5
9.Bd3 Qa5 10.Ne2 cxd4 11.cxd5 Nxc3 12.Bd2 Qxd5 13.Nxc3 dxc3 14.Bxc3 Qxg2
15.Bxh7+ Kh8 16.O-O-O Bd7 17.Rhg1 Qh3 18.Be4 Rc8 19.Rg3 Qh6+ 20.Kb2 Bc6 21.Rdg1 Nd7
22.Rxg7 Bxe4 23.Qxe4 Nb6 24.Qg4 Na4+ 25.Qxa4 Rxc3 26.Kxc3 Rc8+ 27.Kb3 Qh3+
28.R1g3 Qxh2 29.Qg4  1-0

[Event "TCh-BEL 2005-6"]
[Site "Belgium BEL"]
[Date "2005.12.04"]
[Round "5"]
[White "Bakker,S"]
[Black "Werksma,A"]
[Result "1-0"]
[WhiteElo "2305"]
[BlackElo "2295"]

1.d4 Nf6 2.c4 e6 3.Nc3 Bb4 4.Qc2 O-O 5.a3 Bxc3+ 6.Qxc3 b5 7.cxb5 c6 8.bxc6 Nxc6
9.b4 Bb7 10.Nf3 Rc8 11.Qb2 Ne7 12.e3 Be4 13.Bd2 Qb6 14.Rc1 Rxc1+ 15.Qxc1 Rc8
16.Qa1 Qc6 17.Be2 Qc2 18.Bd1 Qc4 19.Ne5 Qa6 20.Be2 Qb7 21.f3 Bc2 22.O-O Ne8
23.Rc1 Ba4 24.Bd3 Nd6 25.Nc4 Nxc4 26.Rxc4 Rxc4 27.Bxc4 Nc8 28.Bd3 Qc6 29.e4 Nb6
30.Qc1 Qxc1+ 31.Bxc1 Kf8 32.Bf4 Bb3 33.Bb8 Bc4 34.Bc2 a6 35.Bd6+ Ke8 36.a4 Nc8
37.Bf4 d6 38.Kf2 Kd7 39.Bd2 Kc7 40.Ke3 Nb6 41.Bc3 f6 42.h4 h6 43.g4 Kd7 44.Be1 g5
45.f4 Ke7 46.Bf2 Bf1 47.fxg5 fxg5 48.hxg5 hxg5 49.Kf3 Nd7 50.Be3 Kf6 51.Bc1 Bc4
52.Ke3 Nb6 53.Bb2 Ke7 54.Kf3 Nd7 55.Bc1 Kf6 56.Ba3 Nb6 57.b5 axb5 58.a5 Nc8
59.Bb4 e5 60.Ke3 Be6 61.dxe5+ dxe5 62.Bd3 Bd7 63.Bc5 Bc6 64.a6 Ke6 65.a7 Nd6
66.Bxd6 Kxd6 67.Bxb5 Ba8 68.Bc4  1-0

[Event "FSGMA December"]
[Site "Budapest HUN"]
[Date "2005.12.04"]
[Round "2"]
[White "Steingrimsson,H"]
[Black "Farago,I"]
[Result "1/2-1/2"]
[WhiteElo "2435"]
[BlackElo "2512"]

1.d4 e6 2.c4 Nf6 3.Nc3 Bb4 4.Qc2 O-O 5.a3 Bxc3+ 6.Qxc3 b6 7.Bg5 Bb7 8.f3 d6
9.e4 c5 10.d5 Nbd7 11.Qd2 Ne5 12.Rd1 exd5 13.cxd5 h6 14.Be3 Re8 15.Bb5 Nxe4
16.fxe4 Qh4+ 17.Kf1 Qxe4 18.Bf2 Re7 19.b3 a6 20.Bd3 Nxd3 21.Qxd3 Qxd3+ 22.Rxd3 a5
23.Re3 Rxe3 24.Bxe3 a4 25.b4 cxb4 26.axb4 a3 27.Bd4 a2 28.Ba1 Ra4 29.Kf2 Rxb4
30.Ne2 Bxd5 31.Rd1 Rb1 32.Nc3 Be4 33.Re1 Rxe1 34.Kxe1  1/2-1/2

[Event "13th Salona"]
[Site "Solin CRO"]
[Date "2005.12.10"]
[Round "2"]
[White "Matveeva,S"]
[Black "Kovalevskaya,E"]
[Result "1/2-1/2"]
[WhiteElo "2422"]
[BlackElo "2457"]

1.d4 Nf6 2.c4 e6 3.Nc3 Bb4 4.Qc2 O-O 5.a3 Bxc3+ 6.Qxc3 b6 7.Bg5 Bb7 8.f3 h6
9.Bh4 d5 10.e3 Nbd7 11.cxd5 Nxd5 12.Bxd8 Nxc3 13.Bh4 Nd5 14.Bf2 c5 15.e4 Nf4
16.Be3 Ng6 17.Ne2 f5 18.exf5 exf5 19.O-O-O Rae8 20.Bf2 Ba6 21.Nc3 Bxf1 22.Rhxf1 cxd4
23.Bxd4 Nde5 24.Kc2 Nc4  1/2-1/2

[Event "Masters"]
[Site "Berkeley USA"]
[Date "2005.12.17"]
[Round "1"]
[White "Sarkar,J"]
[Black "Zavadsky,P"]
[Result "1/2-1/2"]
[WhiteElo "2315"]
[BlackElo "2268"]

1.d4 Nf6 2.c4 e6 3.Nc3 Bb4 4.Qc2 O-O 5.e4 d5 6.e5 Ne4 7.a3 Bxc3+ 8.bxc3 c5
9.Bd3 f5 10.Ne2 cxd4 11.cxd4 Nc6 12.O-O dxc4 13.Qxc4 h6 14.Be3 Bd7 15.Bxe4 fxe4
16.Qc2 Ne7 17.Qxe4 Bc6 18.Qg4 Nf5 19.Nf4 Qd7 20.Rfd1 Rad8 21.d5 Bxd5 22.Nxd5 exd5
23.Bxa7 Qe6 24.Bc5 Rfe8 25.f4 d4 26.Qh3 b6 27.Bxb6 Qxb6 28.Qxf5 d3+ 29.Kh1 d2
30.a4 Rf8 31.a5 Qd4 32.Qc2 Rxf4 33.a6 Rf2 34.a7 Qd5 35.Qg6 Re2 36.Qg3 Ra8
37.Qf3 Qxf3 38.gxf3 Rxa7 39.Rxa7 Re1+ 40.Kg2 Rxd1 41.Rd7 Re1  1/2-1/2

[Event "5th Amplico AIG Life"]
[Site "Warsaw POL"]
[Date "2005.12.17"]
[Round "1"]
[White "Radziewicz,I"]
[Black "Sowul,B"]
[Result "1-0"]
[WhiteElo "2453"]
[BlackElo "1929"]

1.d4 Nf6 2.c4 e6 3.Nc3 Bb4 4.Qc2 O-O 5.a3 d5 6.Bg5 Nbd7 7.cxd5 exd5 8.e3 c6
9.Bd3 Ne4 10.Bxd8 Nxc3 11.Bh4 Ne4+  1-0

[Event "12th Open"]
[Site "Zadar CRO"]
[Date "2005.12.17"]
[Round "8"]
[White "Martic,Z"]
[Black "Sakelsek,T"]
[Result "0-1"]
[WhiteElo "2298"]
[BlackElo "2404"]

1.d4 Nf6 2.c4 e6 3.Nc3 Bb4 4.Qc2 O-O 5.Bg5 d6 6.e3 b6 7.Bd3 h6 8.Bh4 Nbd7
9.Ne2 Bb7 10.f4 d5 11.Rg1 Be7 12.g4 dxc4 13.Bxc4 Nd5 14.Bxe7 Qxe7 15.Bxd5 exd5
16.g5 hxg5 17.fxg5 Qxe3 18.Rg3 Qe7 19.O-O-O Rfe8 20.Nf4 Nf8 21.Qf2 Ng6 22.Nd3 Ba6
23.Nf4 Qd6 24.Nfxd5 c6 25.Nf6+ gxf6 26.gxf6 Re6 27.Rf3 Rae8 28.Rg1 Kf8 29.Rxg6 Re1+
30.Nd1 fxg6 31.Qh4 Rxd1+ 32.Kc2 Re2+ 33.Kxd1 Rxh2  0-1

[Event "5th Amplico AIG Life Gp3"]
[Site "Warsaw POL"]
[Date "2005.12.18"]
[Round "2"]
[White "Grabarczyk,M"]
[Black "Jaracz,P"]
[Result "1/2-1/2"]
[WhiteElo "2484"]
[BlackElo "2492"]

1.d4 e6 2.c4 Nf6 3.Nc3 Bb4 4.Qc2 O-O 5.a3 Bxc3+ 6.Qxc3 d6 7.Nf3 b6 8.g3 Bb7
9.Bg2 Nbd7 10.O-O c5 11.b4 Qe7 12.Bb2 Rfc8 13.dxc5 dxc5 14.b5 Ne8 15.a4 a5
16.Rad1 f6 17.Bh3 Nf8 18.Nh4 Rd8 19.Qe3 Qf7 20.Bg2 Nd6 21.Qc1 Bxg2 22.Nxg2 Rd7
23.Rd3 Rad8 24.Ne3 Qh5 25.f3 Nf5 26.Rxd7 Rxd7 27.Nxf5 Qxf5 28.Rd1 e5 29.Rxd7 Qxd7
30.Kf2 Ng6 31.Qc2 Ne7 32.Qd3 Qe6 33.e4 h5 34.Bc1 Kf7 35.f4 Qh3 36.Kg1 h4
37.fxe5 hxg3 38.hxg3 fxe5 39.Bg5 Qg4 40.Bxe7 Kxe7 41.Kf2 Qh3 42.Qd5 Qh2+
43.Kf3 Qh5+ 44.Ke3 Qh6+ 45.Kd3 Qg5 46.g4 Qf4 47.Qb7+ Kf8 48.Qxb6 Qf3+ 49.Kd2 Qf2+
50.Kc3 Qe3+ 51.Kb2 Qd2+ 52.Kb3 Qb4+ 53.Kc2 Qxc4+ 54.Kd2 Qd4+ 55.Kc1 Qc3+
56.Kd1 Qf3+ 57.Kd2 Qf2+ 58.Kd1 Qd4+ 59.Kc1 Qe3+ 60.Kd1 Qd3+ 61.Kc1 c4 62.Qb8+ Kf7
63.Qb6  1/2-1/2

[Event "5th Amplico AIG Life"]
[Site "Warsaw POL"]
[Date "2005.12.18"]
[Round "9"]
[White "Zietak,K"]
[Black "Szymanski,M"]
[Result "0-1"]
[WhiteElo "2036"]
[BlackElo "2434"]

1.d4 Nf6 2.c4 e6 3.Nc3 Bb4 4.Qc2 O-O 5.a3 Bxc3+ 6.Qxc3 Ne4 7.Qc2 f5 8.e3 b6
9.Bd3 Bb7 10.f3 Qh4+ 11.g3 Nxg3 12.Qf2 f4 13.exf4 Nf5 14.Qxh4 Nxh4 15.Kf2 Nc6
16.Ne2 Nxf3 17.Be4 Ng5 18.Bg2 Na5 19.Bxb7 Nxb7 20.h4 Ne4+ 21.Kf3 Ned6 22.b3 Nf5
23.Bd2 Rf7 24.Bc3 Raf8 25.Rag1 a5 26.Rg5 d5 27.Bb2 Nbd6 28.cxd5 exd5 29.Rgg1 Ne4
30.Rd1 Nfg3 31.Bc1 Nxe2 32.Kxe2 Ng3+ 33.Kf3 Nxh1 34.Rxh1 Re8 35.Be3 Re4 36.Rc1 Rfe7
37.Rc3 Kf7 38.Rd3 Kf6 39.Rc3 Kf5 40.b4 axb4 41.axb4 Rxe3+ 42.Rxe3 Rxe3+ 43.Kxe3 Kg4
44.b5 h5 45.f5 Kxf5  0-1

[Event "Masters"]
[Site "Berkeley USA"]
[Date "2005.12.19"]
[Round "5"]
[White "Ishkanov,T"]
[Black "Shivaji,S1"]
[Result "1/2-1/2"]
[WhiteElo "2350"]
[BlackElo "2299"]

1.d4 Nf6 2.c4 e6 3.Nc3 Bb4 4.Qc2 O-O 5.a3 Bxc3+ 6.Qxc3 b6 7.Bg5 Bb7 8.f3 h6
9.Bh4 d5 10.e3 Nbd7 11.cxd5 Nxd5 12.Bxd8 Nxc3 13.Bh4 Nd5 14.Bf2 c5 15.e4 Ne7
16.Bb5 Bc6 17.Bxc6 Nxc6 18.Ne2 cxd4 19.Nxd4 Nxd4 20.Bxd4 e5 21.Bc3 f6  1/2-1/2

[Event "Harmonie Open A"]
[Site "Groningen NED"]
[Date "2005.12.26"]
[Round "3"]
[White "Kodentsov,G"]
[Black "Hoeksema,E"]
[Result "1/2-1/2"]
[WhiteElo "2270"]
[BlackElo "2401"]

1.d4 Nf6 2.c4 e6 3.Nc3 Bb4 4.Qc2 O-O 5.a3 Bxc3+ 6.Qxc3 b6 7.Bg5 Bb7 8.f3 c5
9.dxc5 bxc5 10.e3 d6 11.Bd3 Nbd7 12.Ne2 a5 13.O-O Qb6 14.Rad1 d5 15.Kh1 Ba6
16.Rd2 Rfe8 17.Re1 Rab8 18.Nc1 h6 19.Bh4 d4 20.Qc2  1/2-1/2

[Event "21st Post Open"]
[Site "Duesseldorf GER"]
[Date "2005.12.29"]
[Round "5"]
[White "Eismont,I"]
[Black "Peters,Al"]
[Result "1/2-1/2"]
[WhiteElo "2309"]
[BlackElo "2211"]

1.d4 Nf6 2.c4 e6 3.Nc3 Bb4 4.Qc2 O-O 5.a3 Bxc3+ 6.Qxc3 d5 7.Bg5 dxc4 8.Qxc4 b6
9.Nf3 Bb7 10.g3 h6 11.Bxf6 Qxf6 12.Bg2 c5 13.O-O Bd5 14.Qd3 cxd4 15.Qxd4 Nd7
16.Rac1 Rac8 17.Qxf6 Nxf6 18.Nd4 Bxg2 19.Kxg2 Rxc1 20.Rxc1 Rd8 21.e3 Ne4
22.Rc7 e5 23.Nf3 a5 24.Rc4 Nd6 25.Rc6 f6 26.Rxb6 Nc4 27.Rb5 Rd1 28.b3 Nxa3
29.Rxa5 Nc2 30.Rc5 Nb4 31.Rc4 Nd3 32.e4 g5 33.h3 h5 34.Rc7 Rb1 35.Rc3 Rd1
36.Nh2 Rd2 37.Nf1 Rxf2+ 38.Kg1 Rf3 39.b4 Ne1 40.Rc1 Nd3 41.Rb1 h4 42.gxh4 gxh4
43.b5 Rxh3 44.b6 Nc5 45.b7 Nxb7 46.Rxb7 Rf3 47.Kg2 Rf4  1/2-1/2

[Event "10th Open"]
[Site "Bad Zwesten GER"]
[Date "2006.01.05"]
[Round "6"]
[White "Braun,A"]
[Black "Hetey,L"]
[Result "1-0"]
[WhiteElo "2465"]
[BlackElo "2322"]

1.d4 Nf6 2.c4 e6 3.Nc3 Bb4 4.Qc2 O-O 5.a3 Bxc3+ 6.Qxc3 b6 7.Bg5 Bb7 8.Nh3 d6
9.f3 Nbd7 10.e4 e5 11.d5 h6 12.Bh4 Re8 13.Nf2 Qe7 14.Qc2 g5 15.Bg3 Kg7 16.Nd1 Nf8
17.Ne3 Bc8 18.h4 Ng6 19.Bf2 Rh8 20.O-O-O Bd7 21.Bd3 Rag8 22.Qd2 g4 23.fxg4 Nxg4
24.Nxg4 Bxg4 25.Rdf1 h5 26.Be3 f6 27.b4 Qd7 28.Rf2 Rf8 29.Qc2 c6 30.Kb2 cxd5
31.cxd5 Rc8 32.Qd2 Qc7 33.Rhf1 Rcf8 34.g3 Qd7 35.Kb3 Qb7 36.Be2 Qd7 37.a4 Qc8
38.Rc1 Qd7 39.Bb5 Qe7 40.Rc6 Rc8 41.Rf1 Bd7 42.Rxc8 Rxc8 43.Ba6 Rc7 44.Be2 Bg4
45.Bxg4 hxg4 46.h5 Nf8 47.h6+ Kh8 48.Qe2 Nh7 49.Qxg4 Qd7 50.Qxd7 Rxd7 51.Rc1 Kg8
52.Rc8+ Kf7 53.Kc4 Kg6 54.Rg8+  1-0